| 000 | 00576nam a22001937a 4500 | ||
|---|---|---|---|
| 008 | 250212b |||||||| |||| 00| 0 eng d | ||
| 020 | _a9781786650085 | ||
| 040 |
_aKABU _cKABU |
||
| 050 |
_aBJ1581.2 _b.C43 2017 |
||
| 100 | _aChaij, Enrique | ||
| 245 |
_aNo matter what happens: _blife is still beautiful / _cEnrique Chaij |
||
| 260 |
_aGrantham, England: _bThe Stanborough Press Ltd, _c2017 |
||
| 300 |
_a191p. _bill. col. ; |
||
| 500 | _aIncludes index | ||
| 650 | _aChristian life | ||
| 650 | _aConduct of life | ||
| 650 | _aFamilies religious life | ||
| 942 |
_2lcc _cBK |
||
| 999 |
_c20653 _d20652 |
||